00426nam a2200121Ia 4500008004100000024004400041082001800085100005900103245005700162260002600219600002100245650003800266260210s9999 xx 000 0 und d a12B-15-BS,12B-25-BS & 12B-35-BS a621.38072 ANE aAneeque Samad Khan, Muhammad Maaz & Fizzah Farooqi 0aEnterprise Planning for Weaving Industry (code book) aKarachi:bUITU,c2012 aComputer Science aBachelor of Computer Science (BS)